[Event "Trapani Province-ch"]
[Site "Erice"]
[Date "2012.01.22"]
[Round "4"]
[White "Morana, Marco"]
[Black "Savalla, Gianluca"]
[Result "1/2-1/2"]
[WhiteElo "1440"]
[BlackElo "1560"]
[PlyCount "93"]
[EventDate "2012.01.15"]
[EventType "swiss"]
[EventRounds "6"]
[EventCountry "ITA"]
[SourceTitle "EXT 2024"]
[Source "ChessBase"]
[SourceDate "2023.10.10"]
[SourceVersion "1"]
[SourceVersionDate "2023.10.10"]
[SourceQuality "1"]

1. e4 e5 2. Nf3 Nf6 3. Nc3 d6 4. Bc4 Be7 5. 0-0 0-0 6. d3 Bg4 7. h3 Bh5 8. Be3 Nc6 9. Re1 Re8 10. Nd5 a6 11. Nxf6+ Bxf6 12. Qe2 Qe7 13. Rad1 Rad8 14. c3 h6 15. Rd2 Rd7 16. Red1 Red8 17. Bd5 Kf8 18. Bxc6 bxc6 19. g4 Bg6 20. Rc2 Ra8 21. c4 Qe6 22. b3 h5 23. Nd2 hxg4 24. Qxg4 Ke7 25. Qxe6+ Kxe6 26. Rdc1 Rh8 27. Kg2 Rh7 28. b4 d5 29. cxd5+ cxd5 30. f3 Bd8 31. Rc6+ Rd6 32. exd5+ Kxd5 33. R1c5+ Ke6 34. Nc4 Rxc6 35. Rxc6+ Kd5 36. Rc5+ Ke6 37. Nb2 Bf5 38. Nc4 Ke7 39. Rxe5+ Be6 40. f4 Kf6 41. Ra5 Bxh3+ 42. Kg3 Bc8 43. b5 Rh5 44. bxa6 Rxa5 45. Nxa5 Bxa6 46. Nc6 Be7 47. Nxe7 1/2-1/2